|
|
|
|
| LEADER |
00864pam a22002298a 4500 |
| 001 |
00022036 |
| 005 |
20171026081023.0 |
| 008 |
110527s2007 ||||||Viesd |
| 041 |
0 |
# |
|a Vie
|
| 082 |
1 |
4 |
|a 378.007
|b T103L
|
| 110 |
1 |
# |
|a Vụ công tác sinh viên học sinh
|b Bộ giáo dục và đào tạo
|
| 245 |
0 |
0 |
|a Tài liệu an toàn giao thông cho sinh viên học sinh các trường Đại học,cao đẳng, trung cấp chuyên nghiệp
|
| 260 |
# |
# |
|a H.
|b Hà Nội
|c 2007
|
| 300 |
# |
# |
|a 111 tr.
|c 21 cm.
|
| 500 |
# |
# |
|a Tài liệu lưu hành nội bộ
|
| 650 |
# |
4 |
|a Tài liệu
|
| 653 |
# |
# |
|a An toàn giao thông
|
| 653 |
# |
# |
|a Giáo dục
|
| 852 |
# |
# |
|b Kho đọc
|j KD.0008874
|
| 852 |
# |
# |
|j KD.0008874
|
| 910 |
|
|
|d 27/05/2011
|
| 980 |
# |
# |
|a Trung tâm Học liệu Lê Vũ Hùng, Trường Đại học Đồng Tháp
|